Normal view
MARC view
- Ahmad, Nadeem
Entry Personal Name
001 - CONTROL NUMBER
- control field: 35547
003 - CONTROL NUMBER IDENTIFIER
- control field: NUST
005 - DATE AND TIME OF LATEST TRANSACTION
- control field: 20201230135512.0
008 - FIXED-LENGTH DATA ELEMENTS
- fixed length control field: 201230|| aca||aabn | a|a d
040 ## - CATALOGING SOURCE
- Original cataloging agency: NUST
- Transcribing agency: NUST
100 ## - HEADING--PERSONAL NAME
- Personal name: Ahmad, Nadeem
670 ## - SOURCE DATA FOUND
- Source citation: Work cat.: (NUST)534208: Ahmad, Nadeem , Viscoelastic Properties of Polyurethanes with Particular Reference to Morphology, Thermal & Mechanical Behavior /, 2013.
